Former Cities - Statistics

General Stats
  • This quiz has been taken 19 times
  • The average score is 17 of 25
Answer Stats
Former Name Current % Correct
6) Leningrad St Petersburg
100%
4) Edo Tokyo
100%
7) Peking Beijing
94%
9) Constantinople Istanbul
94%
21) Leopoldville Kinshasa
94%
2) Tenochtitlan Mexico City
94%
16) Calcutta Kolkata
89%
20) Bombay Mumbai
89%
11) New Amsterdam New York
89%
15) Carthage Tunis
89%
8) Danzig Gdansk
83%
5) Stalingrad/Tsaritsyn Volgograd
83%
19) Salisbury (Zimbabwe) Harare
78%
12) Saigon Ho Chi Minh City
78%
23) Kristiania Oslo
72%
10) Smyrna Izmir
67%
3) Batavia Jakarta
67%
17) York (Canada) Toronto
67%
25) Breslau Wroclaw
44%
13) Pressburg Bratislava
33%
1) Titograd Podgorica
33%
14) Ragusa Dubrovnik
28%
22) Bytown Ottawa
17%
24) Reval Tallinn
17%
18) Stuart (Australia) Alice Springs
11%
No matching quizzes found
Score Distribution
Percent of People with Each Score
Percentile by Number Answered
Your Score History
You have not taken this quiz